Statistics for Islamic Countries

Click here to take the quiz!

General Stats

  • This quiz has been taken 845 times
  • The average score is 21 of 31

Answer Stats

HintAnswer% Correct
97.1%Saudi Arabia
94%
99.7%Iran
90%
98.9%Iraq
90%
96.4%Pakistan
90%
94.7%Egypt
89%
99..0%Yemen
87%
92.8%Syria
84%
98.6%Turkey
84%
98.2%Algeria
82%
99.9%Morocco
82%
99.8%Afghanistan
80%
96.6%Libya
80%
98.8%Jordan
79%
99.8%Tunisia
79%
98.6%Somalia
76%
93.3%Turkmenistan
71%
98.3%Niger
69%
92.4%Mali
68%
99.0%Tajikistan
68%
96.5%Uzbekistan
68%
99.2%Mauritania
67%
90.4%Bangladesh
59%
98.4%Azerbaijan
58%
97.0%Djibouti
56%
98.4%Maldives
51%
95.9%Senegal
50%
98.3%Comoros
44%
95.3%Gambia
39%
91.7%Kosovo
38%
99.6%Western Sahara
7%
98.8%Mayotte
4%

Score Distribution

Percentile by Number Answered

Percent of People with Each Score

Your Score History

You have not taken this quiz